000 00454nam a2200181Ia 4500
003 LK-CoDNM
008 010623t2001 xxu||||| |||| 00| 1 eng d
040 _aLK-CoDNM
_dLK-CoDNM
_eLK-CoDNM
041 _aeng
080 _a954.3 GOM
100 _aBes,Lennart
245 _aDutch Sources on South Asia c.1600 - 1825
260 _bManohar
_aNew Delhi
_c2001
300 _b424, 23 cm
700 _aGommans,Jos
700 _aKruijtzer,Gijs
942 _cBK
999 _c120876
_d120876